FC 26 TOTY Promo - Statistics

General Stats
  • This quiz has been taken 30 times
    26 since last reset
  • The average score is 25 of 56
Answer Stats
rat pos club player % Correct
TOTY Honourable Mentions 90 ST Al-Nassr Cristiano Ronaldo
89%
TOTY Icon 94 CB Italy Paolo Maldini
89%
TOTY Icon 95 ST Sweden Zlatan Ibrahimović
89%
TOTY Honourable Mentions 90 ST Inter Miami Lionel Messi
79%
TOTY Honourable Mentions 92 ST Bayern Munich Harry Kane
74%
TOTY Honourable Mentions 92 RM FC Barcelona Lamine Yamal
74%
TOTY Icon 93 GK Russia Lev Yashin
74%
TOTY Honourable Mentions 92 RM Liverpool Mohamed Salah
74%
TOTY Honourable Mentions 90 CB Arsenal Gabriel Magalhães
63%
TOTY Icon 93 RB France Lilian Thuram
63%
TOTY Honourable Mentions 90 RM Bayern Munich Michael Olise
63%
TOTY Icon 92 RB Brazil Carlos Alberto
58%
TOTY Honourable Mentions 88 GK Arsenal David Raya
58%
TOTY Icon 94 RW Brazil Jairzinho
58%
TOTY Honourable Mentions 88 CB Paris Saint-Germain Marquinhos
58%
TOTY Icon 93 CAM Netherlands Ruud Gullit
58%
TOTY Honourable Mentions 90 CM Napoli Scott McTominay
58%
TOTY Honourable Mentions 91 ST Arsenal Viktor Gyokeres
58%
TOTY Honourable Mentions 90 CB Paris Saint-Germain Willian Pacho
58%
TOTY Honourable Mentions 89 RB Inter Milan Denzel Dumfries
53%
TOTY Honourable Mentions 89 LM Bayern Munich Luis Díaz
53%
TOTY Honourable Mentions 88 LB Chelsea Marc Cucurella
53%
TOTY Icon 93 ST United States Alex Morgan
47%
TOTY Icon 91 CB France Marcel Desailly
47%
TOTY Honourable Mentions 90 CDM Liverpool Ryan Gravenberch
47%
TOTY Icon 92 ST England Wayne Rooney
47%
TOTY Honourable Mentions Hero 90 CM Bundesliga Zé Roberto
47%
TOTY Icon 91 CM Sweden Caroline Seger
42%
TOTY Icon 91 ST Spain Emilio Butragueño
42%
TOTY Icon 92 LB Brazil Marcelo
42%
TOTY Honourable Mentions 88 CB Manchester City Marc Guéhi
42%
TOTY Icon 90 CAM Brazil SIssi
42%
TOTY Honourable Mentions 90 CAM AC Milan Christian Pulisic
37%
TOTY Honourable Mentions Hero 90 ST Ligue 1 Jean-Pierre Papin
37%
TOTY Honourable Mentions Hero 90 CDM Ligue 1 Blaise Matuidi
32%
TOTY Honourable Mentions Hero 90 CDM Serie A Daniele De Rossi
32%
TOTY Icon 91 CDM France Emmanuel Petit
32%
TOTY Icon 91 ST Italy Francesco Totti
32%
TOTY Honourable Mentions 91 RW OL Lyonnes Kadidiatou Diani
32%
TOTY Honourable Mentions Hero 90 ST Bundesliga Rudi Völler
32%
TOTY Honourable Mentions 90 CM PSG Féminine Sakina Karchaoui
32%
TOTY Honourable Mentions Hero 90 GK Premier League TIm Howard
32%
TOTY Honourable Mentions Hero 90 CB Premier League Vincent Kompany
32%
TOTY Honourable Mentions Hero 90 CM Serie A Claudio Marchisio
26%
TOTY Honourable Mentions 91 CDM Barça Femení Patri Guijarro
26%
TOTY Honourable Mentions Hero 90 ST Serie A Gianluca Vialli
21%
TOTY Honourable Mentions Hero 90 CM La Liga Guti
21%
TOTY Honourable Mentions 90 CAM OL Lyonnes Lindsey Heaps
21%
TOTY Honourable Mentions Hero 90 ST Bundesliga Mario Gómez
21%
TOTY Honourable Mentions 91 CM NJ/NY Gotham Rose Lavelle
21%
TOTY Honourable Mentions Hero 90 ST La Liga Diego Forlán
16%
TOTY Honourable Mentions 88 RB Arsenal Women Emily Fox
16%
TOTY Honourable Mentions Hero 90 LW Premier League Harry Kewell
16%
TOTY Honourable Mentions 88 LW Wolfsburg Frauen Lineth Beerensteyn
11%
TOTY Honourable Mentions 88 RW Levante Badalona Elena Julve
5%
TOTY Honourable Mentions 90 ST OL Lyonnes Melchie Dumounay
0%
No matching quizzes found
Score Distribution
Percent of People with Each Score
Percentile by Number Answered
Your Score History
You have not taken this quiz since the last reset